00494nam a2200169 a 450000100060000000300090000600800410001502000160005604000280007208200150010010000270011524500850014226000240022730000100025165000400026165000230030124162CO-ViMGA141112s2004 ck r 000 u spa d a95897810178 aCO-ViMGAbspacCO-ViMGA a507 J177c91 aJaramillo Mora, Helena10aCiencia experimental 9 : bBiologia, Quimica y Fisica / cHelena Jaramillo Mora aColombia : bEducar a168p.14aCIENCIA - ENSEÑANAZA SECUNDARIA 14aCIENCIAS NATURALES